Tárolási megoldások egy híradás-technikai eszközöket gyártó vállalatnál

Bibliográfiai részletek
Szerző: Farkas Eszter
További közreműködők: Horváth Dr Annamária
Dokumentumtípus: Záródolgozat
Kulcsszavak:raktározás
raktározási rendszer
raktártechnológia
Online Access:http://dolgozattar.uni-bge.hu/9971

MARC

LEADER 00000nta a2200000 i 4500
001 dolg9971
005 20170424112359.0
008 170424suuuu hu o 000 hun d
040 |a BGE Dolgozattár Repozitórium  |b hun 
041 |a hu 
100 1 |a Farkas Eszter 
245 1 0 |a Tárolási megoldások egy híradás-technikai eszközöket gyártó vállalatnál  |c Farkas Eszter  |h [elektronikus dokumentum] 
516 |a Final_paper 
695 |a raktározás 
695 |a raktározási rendszer 
695 |a raktártechnológia 
700 1 |a Horváth Dr Annamária  |e ths 
856 4 0 |u http://dolgozattar.uni-bge.hu/9971/1/zarodolgozat.pdf  |z Dokumentum-elérés